Miasta Aglomeracji Opolskiej. - Statystyki

Ogólne statystyki
  • Ten quiz został rozwiązany 83 razy
  • Średni wynik to 3 z 7
Statystyki odpowiedzi
Ludność Miasto % Poprawnych
128 012 Opole
100%
16 721 Krapkowice
52%
8 959 Ozimek
44%
6 517 Niemodlin
40%
2 690 Prószków
40%
6 734 Gogolin
35%
4 027 Tułowice
31%
Nie znaleziono quizów pasujących do podanych kryteriów
Rozkład punktacji
Procent ludzi z każdym wynikiem
Percentyl według liczby udzielonych odpowiedzi
Twoja historia wyników
Nie rozwiązałeś tego quizu